Political System in Pakistan (Record no. 12574)

MARC details
000 -LEADER
fixed length control field 00431nam a2200181 a 4500
020 ## - INTERNATIONAL STANDARD BOOK NUMBER
ISBN 8171009
082 00 - DEWEY DECIMAL CLASSIFICATION NUMBER
Classification number 320
Author Cutter GRO
100 ## - MAIN ENTRY--AUTHOR NAME
Author name Grover, Verinder
245 ## - TITLE STATEMENT
Title Political System in Pakistan
260 ## - PUBLICATION, DISTRIBUTION, ETC. (IMPRINT)
Place of publication Delhi
Name of publisher Deep and Deep Publications
Year of publication 1995
300 ## - PHYSICAL DESCRIPTION
Number of Pages 611p
500 ## - GENERAL NOTE
General note includes index and biblioraphy
505 2# - FORMATTED CONTENTS NOTE
Formatted contents note Index
505 2# - FORMATTED CONTENTS NOTE
Formatted contents note Index00
650 ## - SUBJECT ADDED ENTRY--TOPICAL TERM
Topical Term Political Science
942 ## - ADDED ENTRY ELEMENTS (KOHA)
Koha item type Books
Holdings
Collection code Home library Current library Shelving location Date acquired Cost, normal purchase price Full call number Accession Number Koha item type
Reference Henry Martyn Institute Library Henry Martyn Institute Library Reference 11/15/2018 9500.00 320 GRO 016016 Books
Reference Henry Martyn Institute Library Henry Martyn Institute Library Reference 11/15/2018 100.00 320 GRO 016017 Books
Reference Henry Martyn Institute Library Henry Martyn Institute Library Reference 11/15/2018 100.00 320 GRO 016018 Books
Reference Henry Martyn Institute Library Henry Martyn Institute Library Reference 11/15/2018 100.00 320 GRO 016019 Books
Reference Henry Martyn Institute Library Henry Martyn Institute Library Reference 11/15/2018 100.00 320 GRO 016020 Books
Reference Henry Martyn Institute Library Henry Martyn Institute Library Reference 11/15/2018 100.00 320 GRO 016021 Books
Reference Henry Martyn Institute Library Henry Martyn Institute Library Reference 11/15/2018 100.00 320 GRO 016022 Books
Reference Henry Martyn Institute Library Henry Martyn Institute Library Reference 11/15/2018 100.00 320 GRO 016023 Books
Reference Henry Martyn Institute Library Henry Martyn Institute Library Reference 11/15/2018 100.00 320 GRO 016024 Books
Reference Henry Martyn Institute Library Henry Martyn Institute Library Reference 11/15/2018 100.00 320 GRO 016025 Books
                   Copyright © 2026 | Henry Martyn Institute | Hyderabad | TS-500052 | INDIA | Implemented by hmi.edu.in
Hit-Count:

Powered by Koha